000 00652nam a22001817a 4500
005 20231116141444.0
008 231116b |||||||| |||| 00| 0 eng d
020 _a9789991639109
041 _aEnglish
082 _a343.7 PER
100 _lEnglish
245 _aPerspectives on Energy Security and Renewable Energies in Sub-Saharan Africa :
_bPractical Opportunities and Regulatory Challenges /
_cedited by OC Ruppel and B Althusmann
250 _aFirst Edition
260 _aWindhoek :
_bMacmillan Education Namibia
_c2015
300 _b236 pages ;
_c25 cm.
650 _aLegal practice
_bLaw
942 _cBK
_6ALISON_BN_VRIES
999 _c740
_d740